| 000 | 00918nam a2200253Ia 4500 | ||
|---|---|---|---|
| 003 | GCL | ||
| 005 | 20240530110529.0 | ||
| 008 | 140319s9999 xx 000 0 ara d | ||
| 040 |
_aGCL / _cGCL |
||
| 082 | 0 | 4 |
_221 _a923.2\ _bذ ت |
| 100 | 1 | _aالذهبى ، شمس الدين محمد بن احمد بن عثمان . | |
| 245 | 1 | 0 |
_aتهذيب سير اعلام النبلاء / _cشمس الدين محمد بن احمد بن عثمان الذهبى . |
| 250 | _aالثانية | ||
| 260 |
_aبيروت : _bمؤسسة الرسالة ، _c1992 |
||
| 300 |
_a1037 ص ؛ _c25 سم |
||
| 490 |
_aشكاوى المصرى الفصيح _v0 |
||
| 650 | 0 | 4 | _aالانساب العربية |
| 650 | 0 | 4 | _aاعلام العرب |
| 650 | 0 | 4 | _aالنبلاء |
| 650 | 0 | 4 | _aالحضارة الاسلامية |
| 650 | 0 | 4 | _aالانساب والاعراق |
| 700 | 1 | _aاحمد فايز الحمصى | |
| 942 |
_2ddc _cREF |
||
| 999 |
_c62048 _d62048 |
||